Smallest Countries with Multiple Time Zones - Statistics

General Stats
  • This quiz has been taken 76 times
    19 since last reset
  • The average score is 6 of 10
Answer Stats
Area (km²) Answer % Correct
811 Kiribati
100%
702 F. S. Micronesia
83%
41,850 Netherlands
67%
270,467 New Zealand
67%
462,840 Papua New Guinea
67%
283,561 Ecuador
58%
92,226 Portugal
58%
505,992 Spain
50%
69,700 Georgia
25%
603,550 Ukraine
25%
No matching quizzes found
Score Distribution
Percent of People with Each Score
Percentile by Number Answered
Your Score History
You have not taken this quiz since the last reset